|
|
|
|
| LEADER |
00000nam0a2200000 4500 |
| 001 |
267938 |
| 005 |
20231101234125.0 |
| 035 |
|
|
|a (RuTPU)RU\TPU\book\291051
|
| 035 |
|
|
|a RU\TPU\book\64824
|
| 090 |
|
|
|a 267938
|
| 100 |
|
|
|a 20140822d1957 km y0rusy50 ca
|
| 101 |
0 |
|
|a rus
|
| 102 |
|
|
|a RU
|
| 105 |
|
|
|a a g 001zy
|
| 200 |
1 |
|
|a Краткий справочник физико-химических величин
|f сост. Н. М. Барон [и др.] ; под ред. К. П. Мищенко и А. А. Равделя
|
| 205 |
|
|
|a 2-е изд., доп.
|
| 210 |
|
|
|a Ленинград
|c Госхимиздат
|d 1957
|
| 215 |
|
|
|a 112 с.
|e черт.
|
| 320 |
|
|
|a Предметный указатель: с. 108-109.
|
| 606 |
1 |
|
|a Физико-химические величины
|2 stltpush
|3 (RuTPU)RU\TPU\subj\63736
|9 80710
|
| 610 |
1 |
|
|a радиоактивность
|
| 610 |
1 |
|
|a ядерные реакции
|
| 610 |
1 |
|
|a термодинамика
|
| 610 |
1 |
|
|a фотохимические реакции
|
| 610 |
1 |
|
|a радиоактивные излучения
|
| 610 |
1 |
|
|a справочники
|
| 675 |
|
|
|a 544(035)
|v 3
|
| 702 |
|
1 |
|a Барон
|b Н. М.
|4 220
|
| 702 |
|
1 |
|a Квят
|b Э. И.
|4 220
|
| 702 |
|
1 |
|a Подгорная
|b Е. А.
|4 220
|
| 702 |
|
1 |
|a Пономарева
|b А. М.
|4 220
|
| 702 |
|
1 |
|a Мищенко
|b К. П.
|g Константин Павлович
|4 340
|
| 702 |
|
1 |
|a Равдель
|b А. А.
|4 340
|
| 702 |
|
1 |
|a Равдель
|b А. А.
|4 220
|
| 702 |
|
1 |
|a Тимофеева
|b З. Н.
|4 220
|
| 801 |
|
1 |
|a RU
|b 63413507
|c 20040309
|g PSBO
|
| 801 |
|
2 |
|a RU
|b 63413507
|c 20140901
|g PSBO
|
| 942 |
|
|
|c BK
|